Praktická príručka ukrajinskej skladby

Bibliographic Details
Main Authors: Hanudeľová, Zuzana, 1929-2021 (Author), Filak, Iryna, 1956- (Author)
Format: Book
Language:Ukrainian
Slovak
PhysicalDescription:107 s. 21 cm
Published: Banská Bystrica Univerzita Mateja Bela 2001
ISBN:8080554897
Subjects:

MARC

LEADER 00000nam a2200000 a 4500
001 vtls001423054
003 SK-MaSNL
005 20260301202521.0
008 240318s2001 xo a r y ukr
015 |a SNBA2002/03-00833 
020 |a 8080554897 
035 |a SNK000377925 
035 |a urn:nbn:sk:snk-amknkv 
035 |a urn:nbn:sk:snk-am003brc 
035 |a D7ECBA70-39BE-4C61-9F17-C2AEDA456AFB 
040 |a SNK  |b slo  |c SNK  |e AACR2 
041 0 |a ukr  |a slo 
044 |a xo  |c SK 
080 |a 808.3-56  |2 1981 
100 1 |a Hanudeľová, Zuzana,  |d 1929-2021  |4 aut  |9 231726 
245 1 0 |a Praktická príručka ukrajinskej skladby  |c Zuzana Hanudeľová, Iryna Filak 
260 |a Banská Bystrica  |b Univerzita Mateja Bela  |c 2001 
300 |a 107 s.  |c 21 cm 
500 |a 120 výt. 
504 |a Bibliogr. s. 106 
650 0 7 |a ukrajinčina  |2 SNK  |9 1347 
655 7 |a učebnice  |2 SNK  |9 22521 
700 1 |a Filak, Iryna,  |d 1956-  |4 aut  |9 297531 
919 |a 80-8055-489-7 
958 |a TL 
958 |a NB 
958 |a UV 
999 |c 899121  |d 901051 
952 |t P60, <03>, [BOOK], {603}  |a SNK  |b SNK  |y PREZ  |7 0  |p 17A0320553  |o snkSC 106409  |i snkKSP 12392/2001  |0 0  |1 0  |4 0  |d 2001-10-31  |f 1  |l 0  |r 2025-09-26 00:00:00  |w 2026-02-24 
952 |t P60, <04>, [BOOK], {604}  |a SNK  |b SNK  |y VYP  |7 0  |p 17A0320554  |o snkSC 106409 D1  |i snkKSP 12393/2001  |0 0  |1 0  |4 0  |d 2001-10-31  |l 0  |r 2005-01-02 00:00:00  |w 2026-02-24